000 00580nam a2200217Ia 4500
005 20241216010026.0
008 180423s9999||||xx |||||||||||||| ||und||
082 _a336.29
_bB35
100 _aBELAUNDE GUINASSI, MANUEL
245 0 _aINSTITUCIONES DEL DERECHO TRIBUTARIO
250 _a0
260 _aLIMA-PERU
_bPONTIF.UNIVERSID. DE LIMA
_c1967
300 _a215 pag.
_c23 cm
341 _h0
490 _v0
_a0
505 _aCORRIENTES-AUTONOMIA/DEFINICIONES-RELACIONES
541 _aC
_d09-Jan-96
650 _aCIENCIAS SOCIALES
856 _zHumanidades
942 _cLIBRO
999 _c3510
_d3510